PRINCIPLES OF MACROECONOMICS : (Registro nro. 49432)
[ vista simple ]
| 000 -LEADER | |
|---|---|
| fixed length control field | 00734nam a2200193 a 4500 |
| 001 - CONTROL NUMBER | |
| control field | 49432 |
| 005 - DATE AND TIME OF LATEST TRANSACTION | |
| control field | 20180714034129.0 |
| 008 - FIXED-LENGTH DATA ELEMENTS--GENERAL INFORMATION | |
| fixed length control field | 140415d 000 0 spa d |
| 020 ## - INTERNATIONAL STANDARD BOOK NUMBER | |
| International Standard Book Number | 0134408845 |
| 041 ## - LANGUAGE CODE | |
| Language code of text/sound track or separate title | spa |
| 082 ## - DEWEY DECIMAL CLASSIFICATION NUMBER | |
| Classification number | 339 |
| Item number | RIL |
| 100 1# - MAIN ENTRY--PERSONAL NAME | |
| Personal name | RILEY, TERESA |
| 245 10 - TITLE STATEMENT | |
| Title | PRINCIPLES OF MACROECONOMICS : |
| Remainder of title | TEST ITEM FILE #1 |
| 250 ## - EDITION STATEMENT | |
| Edition statement | 4ed. |
| 260 ## - PUBLICATION, DISTRIBUTION, ETC. | |
| Place of publication, distribution, etc. | [s.l.] : |
| Name of publisher, distributor, etc. | PRENTICE-HALL, INC., |
| Date of publication, distribution, etc. | [s.f.] |
| 300 ## - PHYSICAL DESCRIPTION | |
| Extent | 278 |
| Dimensions | 20.9 x 3.4 x 26.3 |
| 520 ## - SUMMARY, ETC. | |
| Summary, etc. | THIS TEST ITEM FILE HAS BEEN REVISED TO ACCOMPANY PRINCIPLES OF ECONOMICS, 4TH EDITION BY KARL CASE AND RAY FAIR. THE QUESTIONS IN THE TEST ITEM FILE WERE WRITTEN TO CLOSELY MATCH THE MATERIAL AS IT IS PRESENTED IN THE TEXTBOOK. |
| 650 14 - SUBJECT ADDED ENTRY--TOPICAL TERM | |
| Topical term or geographic name entry element | MACROECONOMIA |
| Withdrawn status | Lost status | Source of classification or shelving scheme | Damaged status | Not for loan | Collection code | Home library | Current library | Shelving location | Date acquired | Source of acquisition | Inventory number | Total Checkouts | Full call number | Barcode | Date last seen | Price effective from | Koha item type |
|---|---|---|---|---|---|---|---|---|---|---|---|---|---|---|---|---|---|
| Dewey Decimal Classification | General | Biblioteca Karol Wojtyla | Biblioteca Karol Wojtyla | Sala general | 03/12/2013 | Compra | 151000000000000000051102 | 339 RIL | 73895 | 05/01/2026 | 03/12/2013 | Libro |